000 00214 a2200109 4500
020 _a9789582400026
041 _aspa
100 _aTashlin, Frank
245 _aEl oso que no lo era
942 _cBK
999 _c10866
_d10866
999 _d10866